| 000 | 00353nam a2200145Ia 4500 | ||
|---|---|---|---|
| 008 | 150201s2001 xx 000 0 und d | ||
| 082 |
_a618 _bC01R |
||
| 100 | _aRAO, KAMINI | ||
| 245 | _aCURRENT CONCEPTS IN PERINATOLOGY | ||
| 250 | _a1ST | ||
| 260 |
_bJAYPEE BROTHERS _aDELHI _c2001 |
||
| 300 | _a1-196 | ||
| 650 | _aOBST & GYNAECOLOGY | ||
| 942 |
_2ddc _cBK |
||
| 999 |
_c180 _d180 |
||